MARC

LEADER 00000nam0a2200000 4500
001 292146
005 20231102000451.0
035 |a (RuTPU)RU\TPU\book\316760 
090 |a 292146 
100 |a 20150420d1973 k y0rusy50 ca 
101 0 |a rus 
102 |a RU 
105 |a a z 001zy 
200 1 |a Нормирование и основы научной организации труда в машиностроении  |f А. Д. Гальцов 
210 |a Москва  |c Машиностроение  |d 1973 
215 |a 512 с.  |c ил. 
320 |a Библиогр.: с. 509. 
606 1 |a Машиностроительные заводы  |x Нормативное хозяйство  |2 stltpush  |3 (RuTPU)RU\TPU\subj\41625  |9 61413 
610 1 |a научная организация труда 
610 1 |a нормирование 
610 1 |a нормирование труда 
610 1 |a нормы 
610 1 |a затраты 
610 1 |a рабочее время 
610 1 |a методология 
610 1 |a методики 
610 1 |a укрупненные нормы 
675 |a 621.002:658.53  |v 3 
700 1 |a Гальцов  |b А. Д. 
801 1 |a RU  |b 63413507  |c 20150420 
801 2 |a RU  |b 63413507  |c 20201005  |g RCR 
942 |c BK